26 Apodos de jugadores argentinos #2. - Estadísticas

Estadísticas generales
  • Esta prueba ha sido intentada 111 veces
  • La puntuación promedio es 13 de 26
Estadísticas de respuestas
% Correcto
Marcos "Huevo" Acuña
91%
Ezequiel "Pocho" Lavezzi
84%
Sergio "Chiquito" Romero
82%
Marcelo "Muñeco" Gallardo
82%
German "Mono" Burgos
76%
Cristian "Cuti" Romero
74%
Rubén "Ratón" Ayala
72%
Esteban "Cuchu" Cambiasso
71%
Claudio "Pajaro" Caniggia
71%
Reinaldo "Mostaza" Merlo
65%
Ricardo "Tigre" Gareca
57%
Claudio "Piojo" López
55%
Gabriel "Demonio" Hauche
43%
Pablo "Pitu" Barrientos
40%
Jónas "Galgo" Gutiérrez
39%
Alejandro "Chori" Domínguez
38%
Cristian "Lobo" Ledesma
36%
Carlos "Lechuga" Roa
35%
Carlos "Narigón" Bilardo
35%
Nicolás "Uvita" Fernández
30%
Fernando "Rifle" Pandolfi
29%
Jorge "Chancha" Rinaldi
22%
Héctor "Chocolate" Baley
21%
José "Tiburón" Serrizuela
19%
Juan Gilberto "Bufalo" Funes
18%
Pablo "Vitamina" Sánchez
16%
No se encontraron pruebas coincidentes
Distribución de puntuación
Porcentaje de gente con cada puntuación
Porcentaje por número respondido
Historial de tus puntuaciones
No has intentado esta prueba.